Т. 82, вып. 5; Журнал общей химии

Podrobná bibliografie
Parent link:Журнал общей химии/ Российская академия наук (РАН) ; Отделение химии и наук о материалах РАН. Т. 82, вып. 5.— , 1931-
Jazyk:ruština
Vydáno: 2012
Médium: MixedMaterials Kniha
KOHA link:https://koha.lib.tpu.ru/cgi-bin/koha/opac-detail.pl?biblionumber=479340

MARC

LEADER 00000nam2a2200000 4500
001 479340
005 20231101093316.0
035 |a (RuTPU)RU\TPU\prd\146227 
090 |a 479340 
100 |a 20120710a18699999k y0rusy50 ca 
101 0 |a rus 
102 |a RU 
200 0 |a Т. 82, вып. 5 
210 |d 2012 
461 1 |0 (RuTPU)RU\TPU\prd\161  |t Журнал общей химии  |f Российская академия наук (РАН) ; Отделение химии и наук о материалах РАН  |v Т. 82, вып. 5  |d 1931- 
801 0 |a RU  |b 63413507  |c 20010227  |g PSBO 
801 1 |a RU  |b 63413507  |c 20120710 
801 2 |a RU  |b 63413507  |c 20201105  |g RCR 
942 |c BK 
999 |a НТБ_ТПУ  |b НФ  |e -1/20120110  |p П-770  |s 7/20110919  |u 0,00  |v 1